[Event "Match"]
[Site "www.echecsemail.com"]
[Date "2017.11.26"]
[Round "1"]
[White "Falcoale"]
[Black "Mitja"]
[WhiteElo "2000"]
[BlackElo "1930"]
[Result "0-1"]
[Round "1"]
1.e4 d5
2.exd5 Qd8xd5
3.Nb1c3 Qd5d8
4.d4 e6
5.Ng1f3 h6
6.Bc1e3 c6
7.Bf1c4 Ng8f6
8.h3 Nb8d7
9.O-O Bf8e7
10.Qd1e2 Nd7b6
11.Bc4d3 Nb6d5
12.Nc3xd5 Nf6xd5
13.Be3d2 Qd8b6
14.b3 Be7f6
15.c3 Qb6c7
16.Qe2e4 b6
 { time }
0-1

[Event "Match"]
[Site "www.echecsemail.com"]
[Date "2017.11.26"]
[Round "1"]
[White "Mrmoto"]
[Black "Tarasch"]
[WhiteElo "1710"]
[BlackElo "1499"]
[Result "0-1"]
[Round "1"]
1.e4 c5
2.Ng1f3 d6
3.c4 g6
4.b3 Bf8g7
5.Nb1c3 Nb8c6
6.Bf1e2 Ng8f6
7.O-O Nf6xe4
8.Ra1b1 Ne4xc3
9.dxc3 O-O
10.Bc1a3 Bg7xc3
11.Qd1c2 Bc3g7
12.b4 cxb4
13.Ba3b2 Bc8f5
14.Be2d3 Bf5xd3
15.Qc2xd3 Bg7xb2
16.Rb1xb2 a5
17.a3 Qd8c7
18.Rb2a2 bxa3
19.Ra2xa3 Nc6b4
20.Qd3b3 Rf8c8
{ resign }
0-1

[Event "Match"]
[Site "www.echecsemail.com"]
[Date "2017.11.26"]
[Round "1"]
[White "Mystakerchon"]
[Black "Caspito"]
[WhiteElo "1389"]
[BlackElo "1980"]
[Result "1/2-1/2"]
[Round "1"]
1.d4 g6
2.Ng1f3 Bf8g7
3.e4 d6
4.b3 Bc8g4
5.Nb1d2 c6
6.Bc1b2 Nb8d7
7.h3 Bg4e6
8.Bf1d3 Ng8f6
9.e5 dxe5
10.dxe5 Nf6d5
11.c4 Nd5f4
12.Qd1c2 Nf4xg2
13.Kf1 Ng2f4
14.Nf3g5 Nd7xe5
15.Bb2xe5 Bg7xe5
16.Ng5xe6 fxe6
17.Bd3xg6 hxg6
18.Ra1e1 Be5c7
19.Nd2f3 Qd8d3
20.Qc2xd3 Nf4xd3
21.Re1xe6 Nd3f4
22.Re6e4 Rh8xh3
23.Rh1xh3 Nf4xh3
24.Nf3h4 Bc7b6
25.Nh4xg6 Nh3xf2
26.Re4xe7 Kd8
27.Re7h7 Ra8c8
28.Rh7h8 Kc7
29.Rh8h7 Kb8
30.Ng6e5 a5
31.Ne5d7 Ka7
32.Nd7xb6 Rc8f8
33.Nb6d7 Rf8f5
34.Ke2 Nf2e4
35.Ke3 Ne4f6
36.Nd7xf6 Rf5xf6
37.Kd4 Ka6
38.Rh7h5 b6
39.c5 Rf6f2
40.a4 b5
41.Rh5h6 bxa4
42.Rh6xc6 Ka7
43.bxa4 Rf2f4
44.Kd5 Rf4xa4
45.Rc6c7 Kb8
46.Rc7h7 Kc8
47.c6 Ra4a1
48.Kd6 Ra1d1
49.Kc5 a4
50.Rh7a7 Rd1a1
51.Kd6 Ra1d1
52.Kc5 Rd1a1
{ draw }
1/2-1/2

[Event "Match"]
[Site "www.echecsemail.com"]
[Date "2017.11.26"]
[Round "1"]
[White "Iko"]
[Black "Eulero76"]
[WhiteElo "1620"]
[BlackElo "1499"]
[Result "0-1"]
[Round "1"]
1.e4 c6
2.e5 d5
3.d4 Bc8f5
4.Bf1d3 Bf5xd3
5.Qd1xd3 e6
6.Ng1f3 Qd8a5
7.c3 Qa5a6
8.Qd3c2 c5
9.Bc1e3 Nb8d7
10.Nb1a3 cxd4
11.Nf3xd4 Bf8xa3
12.bxa3 Nd7xe5
13.Ra1b1 Ne5c4
14.Qc2b3 b6
15.Nd4b5 Ra8c8
16.O-O Ng8e7
17.Nb5d6 Nc4xd6
18.Qb3b4 Nd6f5
19.Qb4g4 Qa6xa3
20.Rb1a1 Rc8xc3
21.Be3c1 Qa3c5
22.Bc1b2 Rc3c4
23.Qg4g5 Ne7g6
24.g4 Ng6f4
25.gxf5 Nf4h3
26.Kg2 Nh3xg5
27.Bb2xg7 Rh8g8
28.f6 Rc4g4
29.Kh1 Qc5c2
30.Rf1c1 Qc2e4
31.f3 Qe4xf3

0-1

[Event "Match"]
[Site "www.echecsemail.com"]
[Date "2017.11.26"]
[Round "1"]
[White "Gambitmiau"]
[Black "Calponas"]
[WhiteElo "2000"]
[BlackElo "2040"]
[Result "1-0"]
[Round "1"]
1.e4 c5
2.Ng1f3 Nb8c6
3.Bf1b5 Nc6d4
4.Nf3xd4 cxd4
5.d3 a6
6.Bb5c4 e5
7.Qd1f3 Ng8f6
8.Bc1g5 Bf8e7
9.Bc4xf7 Kxf7
10.Bg5xf6 Be7xf6
11.Nb1a3 Rh8f8
12.Na3c4 d6
13.Qf3h5 Kg8
14.O-O Bc8e6
15.f4 b5
16.fxe5 dxe5
17.Nc4xe5 Qd8d6
18.Ne5g4 Be6xg4
19.Qh5xg4 Ra8c8
20.Ra1e1 Bf6e5
21.g3 Rf8xf1
22.Re1xf1 Rc8f8
23.Rf1xf8 Kxf8
24.Qg4f5 Qd6f6
25.Qf5c8 Kf7
26.Qc8d7 Kg6
27.Qd7e8 Kh6
28.Qe8d7 Qf6d6
29.Qd7h3 Kg6
30.Qh3f5 Kh6
31.h4 Qd6f6
32.Qf5h3 g6
33.g4 Qf6f4
34.g5 Kh5
35.Kh1 Qf4g3
36.Qh3xg3 Be5xg3
37.Kg2 Bg3xh4
38.Kf3 Bh4xg5
39.e5 Bg5e7
40.Ke4 g5
41.Kf3 g4
42.Kg3 Kg5
43.c3 dxc3
44.bxc3 h5
45.d4 h4
46.Kf2 Kf4
47.Kg1 Kf3
48.d5 Ke4
49.d6 Be7d8
50.e6 Ke5
51.e7 { resign }
1-0

[Event "Match"]
[Site "www.echecsemail.com"]
[Date "2017.11.26"]
[Round "1"]
[White "Joseph1983"]
[Black "Apdash"]
[WhiteElo "2190"]
[BlackElo "2310"]
[Result "1/2-1/2"]
[Round "1"]
1.d4 Ng8f6
2.c4 g6
3.Nb1c3 Bf8g7
4.e4 d6
5.f4 Bc8g4
6.Bf1e2 Bg4xe2
7.Qd1xe2 Qd8d7
8.h3 Nf6h5
9.Qe2f2 Nb8c6
10.Bc1e3 e5
11.fxe5 dxe5
12.d5 Nc6b4
13.O-O-O O-O
14.g4 Nh5f6
15.Kb1 b6
16.Ng1f3 Qd7e7
17.Qf2h4 Rf8e8
18.Be3g5 c6
19.Rh1f1 Qe7d6
20.Nf3xe5 Nf6xd5
21.Ne5xf7 Nd5xc3
22.bxc3 Qd6e6
23.e5 Qe6xc4
24.cxb4 Qc4xb4
25.Kc1 Qb4c3
26.Kb1 Qc3b4
27.Kc1 Qb4c3
28.Kb1 Qc3b4
29.Kc1 { draw }
1/2-1/2

[Event "Match"]
[Site "www.echecsemail.com"]
[Date "2017.11.26"]
[Round "1"]
[White "Gidi5"]
[Black "Comrade"]
[WhiteElo "2309"]
[BlackElo "2290"]
[Result "1/2-1/2"]
[Round "1"]
1.e4 c5
2.Ng1f3 Nb8c6
3.d4 cxd4
4.Nf3xd4 Ng8f6
5.Nd4xc6 bxc6
6.Bf1d3 e5
7.O-O d5
8.exd5 cxd5
9.Bd3b5 Bc8d7
10.Bb5xd7 Qd8xd7
11.Bc1g5 Bf8e7
12.Nb1c3 Ra8d8
13.Qd1e2 h6
14.Bg5h4 e4
15.Ra1d1 g5
16.Bh4g3 Qd7e6
17.Qe2b5 Kf8
18.Qb5a5 Rd8d7
19.Rf1e1 Be7d8
20.Qa5c5 Kg7
21.Qc5d4 Bd8b6
22.Qd4e5 Rh8e8
23.Qe5xe6 fxe6
24.Bg3e5 Kg6
25.Be5xf6 Kxf6
26.Nc3xe4 Kg6
27.Re1e2 Re8e7
28.Re2d2 Re7f7
29.Ne4g3 h5
30.Ng3h1 h4
31.h3 d4
32.b4 e5
33.Rd1e1 Rf7e7
34.Rd2e2 Rd7d5
35.Kh2 a5
36.a3 axb4
37.axb4 Rd5b5
38.g3 Bb6c7
39.Re2e4 Rb5xb4
40.c3 hxg3
41.Nh1xg3 Rb4b2
42.cxd4 Rb2xf2
43.Kg1 Rf2f3
44.Kg2 Rf3f4
45.dxe5 Rf4xe4
46.Re1xe4 { draw }
1/2-1/2

[Event "Match"]
[Site "www.echecsemail.com"]
[Date "2017.11.26"]
[Round "1"]
[White "Ranjachess"]
[Black "Rindrandria"]
[WhiteElo "1810"]
[BlackElo "1820"]
[Result "1-0"]
[Round "1"]
1.c4 d5
2.d4 dxc4
3.Qd1a4 Nb8c6
4.e3 Qd8d5
5.Bf1e2 Bc8d7
6.Be2f3 Qd5f5
7.Qa4xc4 O-O-O
8.Ng1e2 e6
9.e4 Qf5g6
10.Bc1d2 Ng8e7
11.O-O f6
12.Rf1c1 Qg6f7
13.d5 exd5
14.exd5 Nc6e5
15.Qc4xc7 
1-0

[Event "1/32 Finale"]
[Site "www.chess-mail.com"]
[Date "2017.11.26"]
[Round "1"]
[White "Piriot"]
[Black "Corr"]
[WhiteElo "2490"]
[BlackElo "2020"]
[Result "1/2-1/2"]
[Round "1"]
1.e4 c5
2.Ng1f3 g6
3.d4 cxd4
4.Nf3xd4 Nb8c6
5.Nb1c3 Bf8g7
6.Bc1e3 Ng8f6
7.Bf1e2 d5
8.Be2b5 O-O
9.Bb5xc6 bxc6
10.Nd4xc6 Qd8c7
11.exd5 e6
12.Nc6d4 Nf6xd5
13.Nc3xd5 Qc7b7
14.O-O Qb7xd5
15.c3 Bc8b7
16.f3 Rf8d8
17.Qd1e2 a5
18.Nd4b5 Qd5d3
19.Qe2xd3 Rd8xd3
20.Rf1e1 a4
21.Ra1d1 Ra8d8
22.Rd1xd3 Rd8xd3
23.Kf2 Bb7a6
24.Nb5d4 a3
25.b4 e5
26.Nd4b3 Rd3xc3
27.Re1c1 Rc3c4
28.Nb3c5 Ba6b5
29.Rc1xc4 Bb5xc4
30.Be3c1 { draw }
1/2-1/2

[Event "1/64 Finale"]
[Site "www.chess-mail.com"]
[Date "2017.11.26"]
[Round "1"]
[White "Tobernor"]
[Black "Ranjachess"]
[WhiteElo "1959"]
[BlackElo "1830"]
[Result "1-0"]
[Round "1"]
1.e4 e5
2.Ng1f3 d6
3.d4 Bc8g4
4.dxe5 Nb8c6
5.exd6 Bf8xd6
6.h3 Bg4xf3
7.Qd1xf3 Nc6d4
8.Qf3d1 Qd8f6
9.Bc1e3 c5
10.Bf1d3 Qf6e5
11.Nb1d2 f5
12.c3 fxe4
13.cxd4 cxd4
14.Qd1a4 Ke7
15.Be3xd4 b5
16.Bd4xe5 bxa4
17.Be5xg7 exd3
18.Bg7xh8 Ng8f6
19.Bh8xf6 Kxf6
20.Nd2e4 Ke5
21.Ne4xd6 Kxd6
22.O-O-O Kc5
23.Rd1xd3 Ra8b8
24.f4 Rb8b4
25.Rh1f1 Rb4d4
26.Rd3xd4 Kxd4
27.f5 Kc4
28.f6 Kb4
29.f7 a5
30.f8Q Kc4
31.Qf8d6 h5
32.Kc2 h4
33.Rf1f5 a3
34.b3 
1-0

[Event "Tourn. n9556"]
[Site "www.chess-mail.com"]
[Date "2017.11.27"]
[Round "1"]
[White "Claymil"]
[Black "Prize64"]
[WhiteElo "2080"]
[BlackElo "1900"]
[Result "1/2-1/2"]
[Round "1"]
1.c4 Ng8f6
2.Nb1c3 g6
3.g3 Bf8g7
4.Bf1g2 O-O
5.e3 d6
6.Ng1e2 c5
7.O-O Nb8c6
8.d4 Bc8g4
9.h3 Bg4d7
10.d5 Nc6a5
11.b3 Ra8b8
12.Ra1b1 a6
13.Bc1b2 b5
14.Qd1d3 bxc4
15.bxc4 Bd7f5
16.e4 Bf5d7
17.f4 Nf6e8
18.Bb2a1 Ne8c7
19.Kh2 Nc7a8
20.Rb1xb8 Qd8xb8
21.Rf1b1 Qb8c7
22.g4 f5
23.g5 Rf8b8
24.Rb1xb8 Qc7xb8
25.h4 Qb8b4
26.Qd3b1 Qb4xb1
27.Nc3xb1 Na5xc4
28.Ba1xg7 Kxg7
29.Nb1c3 Na8b6
30.Kg3 Nc4e3
31.Bg2h3 Nb6a4
32.Nc3xa4 Bd7xa4
33.Kf3 Ne3g4
34.Bh3xg4 fxg4
35.Kxg4 Ba4d1
36.Kf3 Kf7
37.Ke3 Bd1xe2
38.Kxe2 e6
39.dxe6 Kxe6
40.Kd3 d5
41.e5 Kd7
42.a4 a5
43.Kc3 d4
44.Kd3 Ke7
45.Kc4 Ke6
46.Kd3 Kd5
47.Kd2 c4
48.Kc2 Ke6
49.Kd2 Kf5
50.Ke2 d3
51.Kd2 Ke6
{ draw }
1/2-1/2

[Event "Tourn. n9538"]
[Site "www.chess-mail.com"]
[Date "2017.11.27"]
[Round "1"]
[White "Churrasca"]
[Black "Apdash"]
[WhiteElo "1980"]
[BlackElo "1949"]
[Result "0-1"]
[Round "1"]
1.e4 e5
2.Ng1f3 Nb8c6
3.Bf1b5 d6
4.c3 Bc8d7
5.O-O a6
6.Bb5a4 Ng8f6
7.Rf1e1 Bf8e7
8.h3 O-O
9.d4 exd4
10.cxd4 Rf8e8
11.Nb1c3 b5
12.Ba4b3 Nc6a5
13.Bb3c2 g6
14.e5 dxe5
15.dxe5 Nf6h5
16.a4 Na5c4
17.b3 Nc4a5
18.Nc3d5 Be7f8
19.g4 c6
20.Bc1g5 Qd8b8
21.Nd5e7 Bf8xe7
22.Qd1xd7 Be7xg5
23.Nf3xg5 Ra8a7
24.Qd7d2 Re8xe5
25.Re1xe5 Qb8xe5
26.gxh5 Qe5xa1
27.Kg2 Ra7a8
28.hxg6 hxg6
29.Qd2xa5 Qa1c1
30.h4 Qc1xc2
31.Qa5c7 Ra8f8
32.axb5 axb5
33.Qc7f4 Qc2xb3
34.Qf4g4 Qb3d5
35.f3 Rf8a8
36.Qg4f4 Ra8a2
37.Kh3 Qd5f5
38.Qf4xf5 gxf5
39.f4 b4
40.Ng5f3 Ra2a3
41.Kg3 Ra3xf3
42.Kxf3 b3
{ resign }
0-1

[Event "Tourn. n9489"]
[Site "www.chess-mail.com"]
[Date "2017.11.27"]
[Round "1"]
[White "Ffdd65"]
[Black "Fabos12"]
[WhiteElo "2130"]
[BlackElo "2010"]
[Result "1-0"]
[Round "1"]
1.e4 e5
2.Ng1f3 Nb8c6
3.Bf1c4 h6
4.d4 exd4
5.Nf3xd4 Ng8e7
6.O-O Nc6xd4
7.Qd1xd4 Ne7c6
8.Qd4d5 Qd8e7
9.Bc1f4 d6
10.Rf1e1 Bc8e6
11.Qd5b5 Ra8b8
12.Bc4xe6 fxe6
13.Qb5h5 Qe7f7
14.Qh5xf7 Kxf7
15.c3 e5
16.Bf4g3 Ke6
17.Nb1d2 g5
18.h3 Bf8e7
19.Re1f1 Rb8f8
20.Nd2c4 h5
21.f3 a5
22.Nc4e3 Rf8f7
23.Ne3f5 Be7d8
24.h4 g4
25.f4 Nc6e7
26.fxe5 Ne7xf5
27.exf5 Rf7xf5
28.Rf1xf5 Kxf5
29.Ra1f1 Ke6
30.Rf1e1 Kd5
31.exd6 cxd6
32.Re1d1 Kc4
33.Rd1xd6 Rh8e8
34.Rd6d4 Kb5
35.Rd4d5 Kc4
36.Rd5xh5 Bd8b6
37.Kh2 Kd3
38.Rh5b5 Re8e6
39.Bg3e5 Ke2
40.Kg3 Re6g6
41.Kf4 Bb6e3
42.Kf5 Rg6b6
43.Rb5xb6 Be3xb6
44.Kxg4 Kd3
45.h5 Ke4
46.Be5f6 Bb6e3
47.Bf6g5 Be3c5
48.h6 Bc5f8
49.h7 Bf8g7
50.Bg5h6 Bg7h8
51.Kg5 Ke5
52.Kg6 { resign }
1-0

[Event "Tourn. n9632"]
[Site "www.chess-mail.com"]
[Date "2017.11.27"]
[Round "1"]
[White "Apdash"]
[Black "Bojan"]
[WhiteElo "2250"]
[BlackElo "2000"]
[Result "1-0"]
[Round "1"]
1.d4 d5
2.Ng1f3 Ng8f6
3.c4 Nf6e4
4.cxd5 Qd8xd5
5.Nb1c3 Ne4xc3
6.bxc3 Nb8c6
7.Qd1c2 a6
8.e4 Qd5h5
9.Bf1c4 Bc8d7
10.Nf3g5 e6
11.d5 Nc6e5
12.Bc4e2 Qh5g6
13.dxe6 fxe6
14.Bc1f4 Bf8d6
15.O-O h6
16.Ng5h3 Qg6f6
17.Bf4xe5 Qf6xe5
18.f4 Qe5c5
19.Kh1 e5
20.Be2h5 Kd8
21.f5 Ke7
22.Nh3f2 Ra8f8
23.c4 Bd7c6
24.Rf1e1 Rf8f6
25.Nf2d3 Qc5d4
26.c5 Bc6xe4
27.cxd6 Kxd6
28.Ra1d1 Be4xf5
29.Qc2b3 Ke7
30.Qb3a3 Qd4d6
31.Re1xe5 Kf8
32.Re5e8 { resign }
1-0

[Event "Tourn. n9600"]
[Site "www.chess-mail.com"]
[Date "2017.11.27"]
[Round "1"]
[White "Gvladutz"]
[Black "Coolant"]
[WhiteElo "2560"]
[BlackElo "2360"]
[Result "1-0"]
[Round "1"]
1.d4 d5
2.c4 e6
3.Nb1c3 Ng8f6
4.Ng1f3 dxc4
5.e3 a6
6.a4 Nb8d7
7.Bf1xc4 c5
8.O-O Bf8d6
9.b3 b6
10.Bc1a3 Qd8e7
11.Rf1e1 cxd4
12.Ba3xd6 Qe7xd6
13.Qd1xd4 Qd6xd4
14.exd4 O-O
15.d5 exd5
16.Nc3xd5 Nf6xd5
17.Bc4xd5 Ra8b8
18.Nf3d4 Bc8b7
19.Bd5c4 g6
20.Re1e7 Nd7f6
21.Ra1d1 a5
22.Nd4c2 Bb7e4
23.Nc2e3 Rb8e8
24.Re7a7 Kg7
25.Ra7a6 Re8b8
26.Rd1d6 Rf8d8
27.Ra6xb6 { resign }
1-0

[Event "Match"]
[Site "www.echecsemail.com"]
[Date "2017.11.27"]
[Round "1"]
[White "Ditto"]
[Black "Azocarwagner"]
[WhiteElo "1750"]
[BlackElo "1869"]
[Result "1-0"]
[Round "1"]
1.e4 e5
2.Ng1f3 Nb8c6
3.Bf1c4 h6
4.Nb1c3 Bf8b4
5.O-O Bb4xc3
6.bxc3 b6
7.d3 Bc8b7
8.Bc1b2 Qd8f6
9.Bc4d5 O-O-O
10.c4 Nc6d4
11.Bd5xb7 Kxb7
12.a4 Nd4xf3
13.Qd1xf3 Qf6xf3
14.gxf3 f6
15.Ra1b1 g5
16.Bb2c3 h5
17.a5 g4
18.fxg4 Ng8h6
19.f3 Nh6f7
20.c5 Kc6
21.cxb6 cxb6
22.axb6 axb6
23.Rb1a1 h4
24.Rf1b1 Nf7g5
25.Ra1a6 Rd8b8
26.Kg2 h3
27.Kg3 Ng5e6
28.Ra6a4 b5
29.Ra4a6 Rb8b6
30.Ra6a5 Ne6c5
31.Bc3b4 Nc5b7
32.Ra5a1 Kc7
33.Bb4e7 Rh8e8
34.Be7xf6 Rb6xf6
35.Rb1xb5 Nb7d6
36.Rb5c5 Kb6
37.Rc5a5 Kc7
38.Ra5a7 Kd8
39.Ra1f1 Nd6b5
40.Ra7a5 Nb5d4
41.c3 Nd4e2
42.Kxh3 Re8h8
43.Kg2 Ne2f4
44.Kf2 Nf4xd3
45.Ke3 Nd3b2
46.Ra5a8 Ke7
47.Ra8xh8 Nb2c4
48.Ke2 Nc4d6
49.Rf1d1 Nd6b5
50.Rd1d3 Rf6c6
51.Rh8h7 Ke6
52.Rh7h6 Ke7
53.Kd2 Rc6xh6
54.h4 Rh6xh4
55.Rd3d5 Rh4h2
56.Kd3 Nb5c7
57.Rd5xe5 Kf6
58.Re5f5 Ke6
59.g5 Nc7e8
60.f4 Rh2h3
61.Kd4 d6
62.Rf5d5 Rh3h4
63.f5 Kf7
64.Rd5a5 Ne8g7
65.Ra5a7 Kg8
66.g6 Ng7xf5
67.Kd5 Nf5g3
68.Ra7e7 Ng3e2
69.c4 Ne2c3
70.Kxd6 Nc3xe4
71.Kc6 Rh4g4
72.Re7e6 Kg7
73.c5 Ne4f6
74.Kc7 Rg4xg6
75.c6 Nf6d5
76.Kd7  { time }
1-0

[Event "Match"]
[Site "www.echecsemail.com"]
[Date "2017.11.27"]
[Round "1"]
[White "Eulero76"]
[Black "Kipik"]
[WhiteElo "1499"]
[BlackElo "1659"]
[Result "1/2-1/2"]
[Round "1"]
1.c4 c5
2.g3 Nb8c6
3.Bf1g2 g6
4.Nb1c3 Bf8g7
5.a3 Ra8b8
6.Ra1b1 b6
7.b4 Bc8b7
8.Ng1f3 Nc6e5
9.Qd1a4 cxb4
10.Rb1xb4 Bb7xf3
11.Bg2xf3 Ne5xf3
12.exf3 Rb8a8
13.O-O e6
14.Nc3e4 Ng8e7
15.Ne4d6 Kf8
16.d3 Qd8c7
17.Bc1f4 Qc7c6
18.Nd6b5 Qc6b7
19.Kg2 Bg7f6
20.Nb5d6 Qb7c6
21.Nd6e4 Qc6xa4
22.Rb4xa4 Kg7
23.Ne4xf6 Kxf6
24.Rf1e1 Kg7
25.d4 Rh8c8
26.d5 Kf8
27.Bf4d6 Ke8
28.g4 h6
29.h4 Ne7g8
30.Re1e2 Ng8e7
31.f4 Ne7g8
32.f5 gxf5
33.gxf5 Ng8e7
34.fxe6 fxe6
35.dxe6 Ne7f5
36.Bd6g3 dxe6
37.Re2xe6 Kf7
38.Re6e4 a5
39.Re4e5 Kf6
40.Re5b5 Rc8c6
41.c5 bxc5
42.Ra4c4 Ra8c8
43.Rb5xa5 Nf5xg3
44.fxg3 Ke5
45.Kf3 Rc6f6
46.Ke3 Kd5
47.Rc4d4 Ke5
48.Rd4c4 Kd5
49.Rc4d4 Ke5
{ draw }
1/2-1/2

[Event "Match"]
[Site "www.echecsemail.com"]
[Date "2017.11.27"]
[Round "1"]
[White "Caspito"]
[Black "Apdash"]
[WhiteElo "1970"]
[BlackElo "2250"]
[Result "0-1"]
[Round "1"]
1.e4 c5
2.b3 Nb8c6
3.Bc1b2 d6
4.Bf1b5 Ng8f6
5.Bb5xc6 bxc6
6.d3 e5
7.Nb1c3 d5
8.Ng1f3 Bf8d6
9.O-O Bc8g4
10.Qd1e2 a6
11.exd5 cxd5
12.Nc3xd5 Nf6xd5
13.Bb2xe5 Bg4xf3
14.Qe2xf3 Bd6xe5
15.Ra1e1 f6
16.Re1e4 O-O
17.Re4h4 g5
18.Rh4h3 Ra8a7
19.Qf3f5 Qd8d7
20.Qf5e4 Nd5f4
21.Rh3h6 Qd7g7
{ resign }
0-1

[Event "Match"]
[Site "www.echecsemail.com"]
[Date "2017.11.27"]
[Round "1"]
[White "Gidi5"]
[Black "Apdash"]
[WhiteElo "2340"]
[BlackElo "2250"]
[Result "1-0"]
[Round "1"]
1.e4 e5
2.Ng1f3 Nb8c6
3.Bf1c4 Bf8c5
4.c3 Ng8f6
5.d3 d6
6.h3 O-O
7.O-O Kh8
8.Bc1g5 Bc8e6
9.Bc4xe6 fxe6
10.Qd1b3 Qd8c8
11.Rf1d1 Bc5b6
12.Qb3c2 d5
13.Nb1d2 Qc8e8
14.Rd1e1 h6
15.Bg5e3 d4
16.cxd4 exd4
17.Be3f4 e5
18.Bf4h2 Qe8g6
19.Nf3xe5 Nc6xe5
20.Bh2xe5 Nf6h5
21.Nd2c4 Nh5f4
22.Be5xf4 Rf8xf4
23.Nc4xb6 cxb6
24.Qc2c7 Rf4f7
25.Qc7h2 Ra8f8
26.Re1f1 Qg6g5
27.Ra1d1 Rf8c8
28.f4 Qg5a5
29.a3 Rc8c2
30.Rf1f2 Rf7c7
31.g4 Qa5a4
32.Rd1d2 Rc2c1
33.Kg2 Qa4b3
34.f5 a5
35.f6 gxf6
36.Qh2f4 Kh7
37.Qf4f5 Kg8
38.Qf5g6 Rc7g7
39.Qg6e8 Kh7
40.Rf2xf6 Rc1c2
41.Rf6xh6 Kxh6
42.Qe8h5 
1-0

[Event "Fast Game"]
[Site "www.echecsemail.com"]
[Date "2017.11.27"]
[Round "1"]
[White "Aljekiene"]
[Black "Pellix84"]
[WhiteElo "1599"]
[BlackElo "1690"]
[Result "1-0"]
[Round "1"]
1.e4 c5
2.c3 d6
3.d4 cxd4
4.cxd4 Ng8f6
5.f3 Nb8c6
6.Nb1c3 Qd8b6
7.Bf1b5 a6
8.Bb5xc6 bxc6
9.Ng1e2  { time }
1-0

[Event "Tourn. n9578"]
[Site "www.chess-mail.com"]
[Date "2017.11.28"]
[Round "1"]
[White "Tevere"]
[Black "Odin"]
[WhiteElo "1920"]
[BlackElo "1850"]
[Result "1-0"]
[Round "1"]
1.d4 d5
2.c4 Ng8f6
3.Nb1c3 c6
4.Ng1f3 Bc8g4
5.e3 Nb8d7
6.h3 Bg4h5
7.Bf1e2 e6
8.O-O Bf8e7
9.a3 O-O
10.Qd1c2 h6
11.cxd5 cxd5
12.Bc1d2 Ra8c8
13.Qc2a4 a6
14.Qa4d1 Qd8c7
15.Be2d3 Qc7c6
16.Ra1c1 Qc6b6
17.g4 Nf6xg4
18.Nc3a4 Qb6a7
19.Rc1xc8 Rf8xc8
20.hxg4 Bh5xg4
21.Kh1 Nd7f6
22.Qd1e2 b5
23.Na4c3 Nf6h7
24.Bd3xh7 Kxh7
25.Nf3g5 Be7xg5
26.Qe2xg4 Qa7e7
27.Nc3xd5 Qe7e8
28.f4 Bg5f6
29.Nd5xf6 gxf6
30.Rf1g1 Qe8h8
31.Qg4g2 f5
32.Qg2b7 Qh8e8
33.d5 exd5
34.Bd2c3 Qe8e4
35.Kh2 Rc8f8
36.Rg1g7 Kh8
37.Rg7xf7 Kg8
38.Rf7g7 Kh8
39.Rg7h7 { resign }
1-0

[Event "Tourn. n9612"]
[Site "www.chess-mail.com"]
[Date "2017.11.28"]
[Round "1"]
[White "Caspito"]
[Black "Claymil"]
[WhiteElo "1980"]
[BlackElo "2070"]
[Result "1/2-1/2"]
[Round "1"]
1.e4 c5
2.b3 Nb8c6
3.Bc1b2 e5
4.Nb1c3 g6
5.Bf1b5 Ng8e7
6.Qd1f3 Bf8g7
7.Ng1e2 O-O
8.Ne2g3 a6
9.Bb5c4 Nc6d4
10.Qf3d3 b5
11.Bc4d5 Ra8b8
12.Nc3e2 Bc8b7
13.Bd5xb7 Rb8xb7
14.O-O d5
15.c3 Nd4xe2
16.Ng3xe2 d4
17.cxd4 cxd4
18.a4 Qd8d7
19.Rf1c1 Rf8c8
20.Rc1xc8 Qd7xc8
21.axb5 axb5
22.Ra1c1 Qc8d7
23.h3 f5
24.f4 { draw }
1/2-1/2

[Event "Tourn. n9622"]
[Site "www.chess-mail.com"]
[Date "2017.11.28"]
[Round "1"]
[White "Pachi"]
[Black "Sahlapalat"]
[WhiteElo "1640"]
[BlackElo "1499"]
[Result "0-1"]
[Round "1"]
1.e4 c5
2.c3 d5
3.f3 dxe4
4.fxe4 e5
5.Bf1b5 Bc8d7
6.c4 Qd8h4
7.g3 Qh4xe4
8.Qd1e2 Qe4xh1
9.Qe2xe5 Bf8e7
10.Kf1 Ng8f6
11.Qe5c7 O-O
12.d3 Bd7xb5
13.cxb5 Nb8d7
14.Bc1g5 Rf8e8
15.Nb1c3 Ra8c8
16.Qc7a5 Nf6g4
17.Nc3d5 Be7xg5
{ resign }
0-1

[Event "Tourn. n9632"]
[Site "www.chess-mail.com"]
[Date "2017.11.28"]
[Round "1"]
[White "Fantomas"]
[Black "Apdash"]
[WhiteElo "2160"]
[BlackElo "2250"]
[Result "1-0"]
[Round "1"]
1.e4 c5
2.Ng1f3 Nb8c6
3.Bf1b5 d6
4.O-O Bc8g4
5.h3 Bg4d7
6.d4 Nc6xd4
7.Bb5xd7 Qd8xd7
8.Nf3xd4 cxd4
9.Qd1xd4 Qd7c6
10.Nb1c3 Ng8f6
11.Rf1d1 e5
12.Qd4d3 Bf8e7
13.Bc1g5 Ra8d8
14.b4 a6
15.Bg5xf6 Be7xf6
16.Nc3d5 Bf6g5
17.c3 O-O
18.Qd3g3 Bg5h6
19.Nd5e7 Kh8
20.Ne7xc6 bxc6
21.Rd1d3 Bh6f4
22.Qg3f3 f5
23.exf5 d5
24.Qf3e2 Rf8xf5
25.c4 e4
26.Qe2xe4 Rd8f8
27.cxd5 cxd5
28.Rd3xd5 Rf5f7
29.Ra1d1 h6
30.Rd5d7 { resign }
1-0

[Event "Tourn. n9582"]
[Site "www.chess-mail.com"]
[Date "2017.11.28"]
[Round "1"]
[White "Apdash"]
[Black "Comrade"]
[WhiteElo "2260"]
[BlackElo "2290"]
[Result "1/2-1/2"]
[Round "1"]
1.d4 d5
2.Ng1f3 c5
3.dxc5 e6
4.e3 Bf8xc5
5.c4 Ng8f6
6.cxd5 exd5
7.Nb1c3 Nb8c6
8.Bf1b5 O-O
9.O-O Rf8e8
10.Qd1a4 Bc8d7
11.Rf1d1 a6
12.Bb5xc6 bxc6
13.b4 Bc5b6
14.Qa4c2 Qd8c7
15.a4 a5
16.bxa5 Bb6xa5
17.Bc1a3 Ba5xc3
18.Qc2xc3 Re8e4
19.Ba3c5 Re4c4
20.Qc3a3 Nf6e4
21.Bc5d4 f6
22.Nf3d2 Ne4xd2
23.Rd1xd2 c5
24.Bd4b2 Ra8xa4
25.Qa3d3 Ra4xa1
26.Bb2xa1 Bd7c6
27.f3 Rc4c1
28.Rd2d1 Rc1xd1
29.Qd3xd1 Qc7e7
30.Kf2 g5
31.Qd1d3 Qe7d6
32.Qd3f5 Kg7
33.h4 h6
34.h5 Bc6e8
35.Qf5g4 Be8d7
36.Qg4g3 Qd6xg3
37.Kxg3 Kf7
38.f4 f5
39.fxg5 hxg5
40.h6 Kg6
41.Ba1g7 d4
42.exd4 cxd4
43.Bg7xd4 Kxh6
44.Bd4e3 f4
{ draw }
1/2-1/2

[Event "Tourn. n9549"]
[Site "www.chess-mail.com"]
[Date "2017.11.28"]
[Round "1"]
[White "Ztornad"]
[Black "Caspito"]
[WhiteElo "1630"]
[BlackElo "1880"]
[Result "0-1"]
[Round "1"]
1.Nb1c3 d5
2.d4 Ng8f6
3.Ng1f3 Nb8c6
4.Bc1f4 Bc8g4
5.h3 Bg4xf3
6.exf3 e6
7.a4 Bf8b4
8.Bf4d2 O-O
9.Nc3b5 a6
10.Bd2xb4 Nc6xb4
11.Nb5a3 b6
12.Qd1d2 c5
13.dxc5 bxc5
14.c3 Nb4c6
15.Bf1e2 Nc6e5
16.O-O Qd8a5
17.Be2d1 d4
18.Qd2f4 Ne5d3
19.Na3c4 Qa5d8
20.Qf4d2 dxc3
21.bxc3 Ra8b8
22.Ra1a2 Nf6h5
23.Qd2e3 Nh5f4
24.Nc4e5 Qd8g5
25.g4 Nf4xh3
26.Kh2 Nd3xe5
27.Qe3xg5 Nh3xg5
28.Kg3 Ne5g6
29.Bd1c2 e5
30.Rf1e1 Rf8d8
31.Re1d1 Rd8xd1
32.Bc2xg6 hxg6
33.Kg2 Rb8b1
34.Kg3 Rd1g1
35.Kh4 f6
 { time }
0-1

[Event "Tourn. n9582"]
[Site "www.chess-mail.com"]
[Date "2017.11.28"]
[Round "1"]
[White "Greghghs"]
[Black "Apdash"]
[WhiteElo "2570"]
[BlackElo "2260"]
[Result "1-0"]
[Round "1"]
1.d4 Ng8f6
2.c4 d5
3.cxd5 Nf6xd5
4.e4 Nd5b6
5.Nb1c3 a6
6.Ng1f3 Bc8g4
7.Bf1e2 g6
8.O-O Bf8g7
9.Bc1e3 O-O
10.Ra1c1 Bg4xf3
11.Be2xf3 Nb6c4
12.Be3g5 h6
13.Bg5h4 Nb8c6
14.Bf3e2 Nc4d6
15.d5 Nc6d4
16.f4 c5
17.Be2d3 Bg7f6
18.Bh4g3 Bf6g7
19.e5 Nd6f5
20.Bg3f2 b5
21.g4 b4
22.Nc3e4 Qd8xd5
23.gxf5 Nd4xf5
24.Ne4xc5 Qd5xa2
25.Qd1e2 Qa2a5
26.Nc5xa6 Rf8d8
27.Rc1a1 Qa5d5
28.Bd3xf5 gxf5
29.Na6c7 Qd5b7
30.Ra1xa8 Rd8xa8
31.Nc7xa8 Qb7xa8
32.Rf1d1 Bg7f8
33.Qe2d3 Qa8a2
34.Qd3g3 Kh7
35.Bf2d4 Qa2d5
36.Rd1d2 e6
37.Bd4e3 Qd5e4
38.Rd2d7 Qe4b1
39.Kg2 { resign }
1-0

[Event "Tourn. n9575"]
[Site "www.chess-mail.com"]
[Date "2017.11.28"]
[Round "1"]
[White "Falcoale"]
[Black "Luban"]
[WhiteElo "2020"]
[BlackElo "2130"]
[Result "0-1"]
[Round "1"]
1.e4 c5
2.Ng1f3 d6
3.Bf1c4 e6
4.a3 a6
5.O-O Nb8c6
6.d3 h6
7.h3 Ng8f6
8.Rf1e1 b5
9.Bc4a2 Bc8b7
10.Nb1c3 Bf8e7
11.Nc3e2 Qd8c7
12.Bc1f4 O-O
13.Qd1d2 Nc6e5
14.Nf3xe5 dxe5
15.Bf4h2 Rf8d8
16.Qd2c1 Nf6d7
17.f4 exf4
18.Ne2xf4 Be7d6
19.g3 Nd7e5
20.Re1f1 Qc7e7
21.Qc1d1 c4
22.d4 Bb7xe4
23.Nf4g2 Qe7b7
24.Rf1f2 Ne5f3
25.Kh1 Nf3xh2
26.Kxh2 Qb7c7
27.Qd1g4 { time. }
0-1

[Event "Tourn. n9546"]
[Site "www.chess-mail.com"]
[Date "2017.11.28"]
[Round "1"]
[White "Luban"]
[Black "Falcoale"]
[WhiteElo "2060"]
[BlackElo "1990"]
[Result "1-0"]
[Round "1"]
1.d4 Ng8f6
2.c4 e6
3.a3 b6
4.Nb1c3 Bc8b7
5.e3 Bf8e7
6.Ng1f3 O-O
7.Bf1e2 d6
8.O-O Nb8d7
9.b4 Nf6e4
10.Bc1b2 f5
11.Nc3xe4 fxe4
12.Nf3d2 d5
13.cxd5 exd5
14.Qd1b3 Ra8b8
15.Nd2xe4 Kh8
16.Ne4g3 Nd7f6
17.Ng3f5 Nf6e4
18.Nf5xe7 Qd8xe7
19.Rf1d1 Qe7f6
20.Be2f3 Ne4g5
21.Bf3xd5 Qf6xf2
22.Kh1 Bb7xd5
23.Qb3xd5 Qf2xb2
24.Qd5xg5 Rf8f6
25.Rd1g1 Rb8f8
26.Ra1c1 Rf6f7
27.Qg5d5 Qb2e2
28.Qd5b3 Rf7f1
29.Qb3b1 Rf1xg1
30.Rc1xg1 Qe2xe3
31.Rg1f1 Rf8d8
32.Qb1f5 Rd8g8
33.Qf5e5 Qe3xe5
34.dxe5 g6
35.Rf1f7 Rg8c8
36.Kg1 c5
37.bxc5 bxc5
38.e6 Kg8
39.Rf7xa7 c4
40.Kf1 c3
{ time. }
1-0